[Event "SR 2. liga A 2012/2013"]
[Site "?"]
[Date "2013.02.02"]
[Round "37.4"]
[White "Kimerling, Martin"]
[Black "Antala, Jan"]
[Result "1-0"]
[WhiteElo "2027"]
[BlackElo "1945"]
[PlyCount "37"]
[EventDate "2012.??.??"]
[WhiteTeam "KSN"]
[BlackTeam "DNV B"]

1. d4 Nf6 2. c4 e6 3. g3 c5 4. Nf3 cxd4 5. Nxd4 d5 6. Bg2 Bc5 7. Nb3 Bb4+ 8.
Bd2 Nc6 9. O-O O-O 10. cxd5 Nxd5 11. Nc3 Nxc3 12. bxc3 Ba3 13. Be3 Bb2 14. Qxd8
Rxd8 15. Rab1 Bxc3 16. Rfc1 Bf6 17. Nc5 Rb8 18. Na6 Ra8 19. Nc7 1-0

[Event "SR 2. liga A 2012/2013"]
[Site "?"]
[Date "2013.02.02"]
[Round "37.5"]
[White "Zitniak, Jozef"]
[Black "Sebo, Viktor"]
[Result "1/2-1/2"]
[WhiteElo "1906"]
[BlackElo "2073"]
[PlyCount "65"]
[EventDate "2012.??.??"]
[WhiteTeam "DNV B"]
[BlackTeam "KSN"]

1. e4 d6 2. d4 Nf6 3. Bd3 g6 4. c3 c5 5. Ne2 Nc6 6. O-O Bg7 7. b3 O-O 8. Bb2
Qc7 9. Nd2 a6 10. Nc4 Rb8 11. Ne3 b5 12. Nd5 Nxd5 13. exd5 Na5 14. Rc1 c4 15.
Be4 Bh6 16. f4 Bg4 17. b4 Nb7 18. h3 Bxe2 19. Qxe2 Rbe8 20. Rcd1 f5 21. Bc2 Nd8
22. Bc1 e6 23. dxe6 Rxe6 24. Qf3 Rfe8 25. Qd5 Kh8 26. Bd2 Re2 27. Qf3 R8e6 28.
Rf2 Qe7 29. Rxe2 Rxe2 30. Kf1 Re6 31. Re1 Rxe1+ 32. Bxe1 Ne6 33. g3 1/2-1/2

[Event "SR 2. liga A 2012/2013"]
[Site "?"]
[Date "2013.02.02"]
[Round "37.6"]
[White "Padysak, Tomas"]
[Black "Stefani, Peter"]
[Result "1-0"]
[WhiteElo "2035"]
[BlackElo "1900"]
[PlyCount "45"]
[EventDate "2012.??.??"]
[WhiteTeam "KSN"]
[BlackTeam "DNV B"]

1. e4 d5 2. exd5 Qxd5 3. Nc3 Qa5 4. d4 Nf6 5. Nf3 Bf5 6. Bc4 c6 7. Bd2 Nbd7 8.
Qe2 O-O-O 9. Nd5 Qa4 10. Ne3 Bg6 11. a3 b5 12. Bb3 Qa6 13. a4 e6 14. O-O Qb7
15. axb5 cxb5 16. Ra5 a6 17. Rfa1 Nb8 18. c4 b4 19. c5 Ne4 20. Nc4 Kd7 21. Rxa6
Nxa6 22. c6+ Kxc6 23. Na5+ 1-0

[Event "SR 2. liga A 2012/2013"]
[Site "?"]
[Date "2013.02.02"]
[Round "37.7"]
[White "Lobodas, Andrej"]
[Black "Sklars, Tomas"]
[Result "1-0"]
[WhiteElo "1881"]
[BlackElo "2003"]
[PlyCount "57"]
[EventDate "2012.??.??"]
[WhiteTeam "DNV B"]
[BlackTeam "KSN"]

1. e4 c5 2. Bc4 Nc6 3. Nf3 e6 4. O-O Be7 5. d4 cxd4 6. Nxd4 Nf6 7. Nxc6 bxc6 8.
e5 Nd5 9. Qg4 Bf8 10. Nd2 d6 11. Nf3 dxe5 12. Nxe5 Qd6 13. Re1 Bb7 14. Bg5 Qc7
15. Bxd5 cxd5 16. Qa4+ Bc6 17. Nxc6 Qd7 18. Rad1 f6 19. c4 fxg5 20. cxd5 e5 21.
Rxe5+ Kf7 22. Re7+ Qxe7 23. Nxe7 Bxe7 24. d6 Bf6 25. Qc4+ Kg6 26. Qe4+ Kh6 27.
Rd3 g6 28. Rh3+ Kg7 29. Qb7+ 1-0

[Event "SR 2. liga A 2012/2013"]
[Site "?"]
[Date "2013.02.02"]
[Round "37.8"]
[White "Suchansky, Jakub"]
[Black "Jurcak, Marian"]
[Result "1-0"]
[WhiteElo "1639"]
[BlackElo "1872"]
[PlyCount "91"]
[EventDate "2012.??.??"]
[WhiteTeam "KSN"]
[BlackTeam "DNV B"]

1. Nf3 Nf6 2. d4 e6 3. c4 d5 4. Nc3 Be7 5. g3 c6 6. Qb3 O-O 7. Bg2 Nbd7 8. O-O
Rb8 9. Bf4 Ra8 10. e3 Nh5 11. Ne2 b6 12. Qd3 a5 13. Rac1 Nxf4 14. gxf4 Ba6 15.
b3 Ba3 16. Rc2 f5 17. Kh1 Nf6 18. Rg1 Ne4 19. Nc3 Bb4 20. Nd1 a4 21. Ne5 Rc8
22. bxa4 dxc4 23. Nxc4 Nc5 24. Qe2 Nxa4 25. Qf3 c5 26. Qg3 Rc7 27. Ne5 Qf6 28.
Bc6 Rxc6 29. Nxc6 Bb7 30. Qg2 Rc8 31. d5 exd5 32. Nxb4 Qf7 33. Nd3 d4 34. f3
Rc7 35. Ne5 Qd5 36. exd4 Qe6 37. Ne3 Qc8 38. d5 Qf8 39. Qg5 b5 40. Nxf5 Bxd5
41. Rcg2 Nc3 42. Nxg7 Rxg7 43. Qxg7+ Qxg7 44. Rxg7+ Kf8 45. Nd7+ Ke8 46. Nf6+
1-0

[Event "SR 2. liga A 2012/2013"]
[Site "?"]
[Date "2013.02.02"]
[Round "38.1"]
[White "Hajek, Lukas"]
[Black "Janos, Martin"]
[Result "1/2-1/2"]
[WhiteElo "2155"]
[BlackElo "2230"]
[PlyCount "87"]
[EventDate "2012.??.??"]
[WhiteTeam "Doprastav C"]
[BlackTeam "DP BA"]

1. d4 Nf6 2. c4 d6 3. Nf3 Nbd7 4. Nc3 c6 5. e4 e5 6. Be2 Be7 7. O-O O-O 8. a3
Re8 9. Re1 Qc7 10. Bf1 Nf8 11. d5 Ng6 12. h3 Bf8 13. Be3 Bd7 14. b4 cxd5 15.
Nxd5 Nxd5 16. Qxd5 Rac8 17. Rac1 h6 18. Qd2 b6 19. Rc3 Qb7 20. Qc2 Rc7 21. Rc1
Rec8 22. Nd2 Be6 23. Qb2 Be7 24. R1c2 f5 25. f3 Rf8 26. exf5 Bxf5 27. Bd3 Qc8
28. Bxf5 Qxf5 29. Ne4 Qe6 30. Qb3 Kh7 31. Rd3 Rfc8 32. Rd5 Nh4 33. Qd3 Qg6 34.
Nxd6 Bxd6 35. Qxg6+ Nxg6 36. Rxd6 Rxc4 37. Rxc4 Rxc4 38. Rd3 Rc2 39. Bf2 Nf4
40. Rd7 Rc1+ 41. Kh2 Rc2 42. Kg1 Rc1+ 43. Kh2 Rc2 44. Kg1 1/2-1/2

[Event "SR 2. liga A 2012/2013"]
[Site "?"]
[Date "2013.02.02"]
[Round "38.2"]
[White "Certek, Pavel"]
[Black "Frindt, Kornel"]
[Result "1-0"]
[WhiteElo "2315"]
[BlackElo "2189"]
[PlyCount "83"]
[EventDate "2012.??.??"]
[WhiteTeam "DP BA"]
[BlackTeam "Doprastav C"]

1. d4 c5 2. c3 e6 3. e4 d5 4. exd5 Qxd5 5. Nf3 Nc6 6. Be3 cxd4 7. cxd4 Nf6 8.
Nc3 Qd6 9. Bc4 Be7 10. O-O O-O 11. a3 a6 12. Qe2 b5 13. Ba2 b4 14. Na4 Nd5 15.
Rfd1 Bd7 16. Bxd5 exd5 17. Nb6 Ra7 18. Nxd7 Qxd7 19. Ne5 Qe6 20. Rac1 Na5 21.
axb4 Bxb4 22. Qf3 Rb7 23. Rc2 Rfb8 24. g3 Bd6 25. Nc6 Nxc6 26. Rxc6 Rb6 27.
Rdc1 Rxc6 28. Rxc6 Rxb2 29. Kg2 Rb8 30. Rxa6 h6 31. Ra5 Bc7 32. Rxd5 Rb1 33.
Rc5 Bb6 34. Re5 Qg6 35. Re7 Rb4 36. Rb7 Ba5 37. Ra7 Bb6 38. Ra8+ Kh7 39. Rb8
Ba5 40. Rf8 f6 41. Qa8 Qb1 42. Qe8 1-0

[Event "SR 2. liga A 2012/2013"]
[Site "?"]
[Date "2013.02.02"]
[Round "38.3"]
[White "Varholakova, Niki"]
[Black "Janos, Jozef"]
[Result "1/2-1/2"]
[WhiteElo "2200"]
[BlackElo "2152"]
[PlyCount "20"]
[EventDate "2012.??.??"]
[WhiteTeam "Doprastav C"]
[BlackTeam "DP BA"]

1. e4 c5 2. d3 Nc6 3. g3 g6 4. Bg2 Bg7 5. Nf3 e6 6. O-O Nge7 7. Re1 d6 8. c3
O-O 9. Nbd2 a6 10. a4 Rb8 1/2-1/2

[Event "SR 2. liga A 2012/2013"]
[Site "?"]
[Date "2013.02.02"]
[Round "38.4"]
[White "Tepper, Frantisek"]
[Black "Petrik, Stanislav"]
[Result "1/2-1/2"]
[WhiteElo "2162"]
[BlackElo "2171"]
[PlyCount "86"]
[EventDate "2012.??.??"]
[WhiteTeam "DP BA"]
[BlackTeam "Doprastav C"]

1. e4 c5 2. Nf3 Nc6 3. c3 d5 4. exd5 Qxd5 5. d4 Nf6 6. Be2 e6 7. O-O Be7 8. c4
Qd8 9. dxc5 Qxd1 10. Rxd1 Bxc5 11. Nc3 O-O 12. Bf4 Bd7 13. a3 a5 14. Bd6 Bxd6
15. Rxd6 Rfd8 16. Rad1 Be8 17. Rxd8 Rxd8 18. Rxd8 Nxd8 19. Nd4 Kf8 20. Kf1 e5
21. Nc2 Bc6 22. b4 Ne4 23. Nxe4 Bxe4 24. Ne3 Nc6 25. f3 Bb1 26. b5 Nd4 27. c5
Ke8 28. Nc4 Nb3 29. Nd6+ Kd7 30. Nxb7 Kc7 31. c6 f5 32. Kf2 Bc2 33. Bc4 a4 34.
Ke3 f4+ 35. Ke2 e4 36. fxe4 Bxe4 37. g3 g5 38. gxf4 gxf4 39. Kf2 h6 40. h4 Bh1
41. Kg1 Bf3 42. Kf2 Bg4 43. Bd3 Bh5 1/2-1/2

[Event "SR 2. liga A 2012/2013"]
[Site "?"]
[Date "2013.02.02"]
[Round "38.5"]
[White "Polacik, Igor"]
[Black "Fabry, Robert"]
[Result "1/2-1/2"]
[WhiteElo "2172"]
[BlackElo "2165"]
[PlyCount "25"]
[EventDate "2012.??.??"]
[WhiteTeam "Doprastav C"]
[BlackTeam "DP BA"]

1. c4 Nf6 2. Nc3 c5 3. Nf3 Nc6 4. d4 cxd4 5. Nxd4 g6 6. e4 d6 7. Be2 Bg7 8. Be3
Bd7 9. O-O O-O 10. f3 Qb6 11. Na4 Qa5 12. Nc3 Qb6 13. Na4 1/2-1/2

[Event "SR 2. liga A 2012/2013"]
[Site "?"]
[Date "2013.02.02"]
[Round "38.6"]
[White "Mikulas, Dusan"]
[Black "Krajnak, Robert"]
[Result "1-0"]
[WhiteElo "2102"]
[BlackElo "2075"]
[PlyCount "81"]
[EventDate "2012.??.??"]
[WhiteTeam "DP BA"]
[BlackTeam "Doprastav C"]

1. e4 c5 2. Nf3 e6 3. d4 cxd4 4. Nxd4 Nc6 5. Nc3 a6 6. Be3 Be7 7. Nxc6 bxc6 8.
Qd4 Bf8 9. Be2 Nf6 10. O-O Be7 11. Rad1 O-O 12. Bc1 d5 13. Qe3 Qc7 14. Bf3 Re8
15. Rfe1 $11 Bb7 16. e5 Nd7 17. Qf4 f5 18. Qg3 Bf8 19. Bf4 a5 20. a4 Ba6 21.
Qh3 Rab8 22. Bc1 Nb6 23. g4 Nc4 24. gxf5 exf5 25. Bf4 Rxb2 26. Qg3 Rxc2 27.
Bxd5+ Kh8 28. Bxc4 Bxc4 29. e6 Qc8 30. e7 Rxe7 31. Be5 Qe8 32. Qf4 Re6 33. Kg2
Bc5 34. Qxc4 Rxf2+ 35. Kh1 Bf8 36. Bxg7+ Bxg7 37. Qxe6 Qxe6 38. Rxe6 Bxc3 39.
Rxc6 Bb4 40. Rd7 Kg8 41. Rc8+ 1-0

[Event "SR 2. liga A 2012/2013"]
[Site "?"]
[Date "2013.02.02"]
[Round "38.7"]
[White "Habrovsky, Richard"]
[Black "Kolman, Richard"]
[Result "0-1"]
[WhiteElo "1970"]
[BlackElo "2067"]
[PlyCount "22"]
[EventDate "2012.??.??"]
[WhiteTeam "Doprastav C"]
[BlackTeam "DP BA"]

1. d4 d5 2. c4 e6 3. Nc3 c5 4. cxd5 cxd4 5. Qxd4 Nc6 6. Qa4 exd5 7. Bf4 d4 8.
Rd1 Bd7 9. Nb1 Nb4 10. Qb3 Qa5 11. Bd2 Be6 0-1

[Event "SR 2. liga A 2012/2013"]
[Site "?"]
[Date "2013.02.02"]
[Round "38.8"]
[White "Hecht, Tomas"]
[Black "Farkas, Vladimir"]
[Result "1-0"]
[WhiteElo "1963"]
[BlackElo "1898"]
[PlyCount "55"]
[EventDate "2012.??.??"]
[WhiteTeam "DP BA"]
[BlackTeam "Doprastav C"]

1. e4 c5 2. c3 d6 3. d4 cxd4 4. cxd4 Nf6 5. Nc3 g6 6. Nf3 Bg7 7. Be2 O-O 8. O-O
Nbd7 9. h3 a6 10. e5 Ne8 11. Re1 dxe5 12. dxe5 Nc7 13. Bf4 Ne6 14. Bg3 Nb6 15.
a4 Nc7 16. Qb3 Nd7 17. Rad1 Ne6 18. Bc4 Qb6 19. Nd5 Qd8 20. Qa3 Re8 21. a5 Rb8
22. b4 b5 23. axb6 Bb7 24. Qb3 Qc8 25. Nc7 Nxb6 26. Bxe6 fxe6 27. Nxe8 Bd5 28.
Rxd5 1-0

[Event "SR 2. liga A 2012/2013"]
[Site "?"]
[Date "2013.02.02"]
[Round "39.1"]
[White "Petenyi, Tamas"]
[Black "Peitl, Tomas"]
[Result "1-0"]
[WhiteElo "2457"]
[BlackElo "2220"]
[PlyCount "115"]
[EventDate "2012.??.??"]
[WhiteTeam "D. Streda B"]
[BlackTeam "DNV A"]

1. e4 e5 2. Nf3 Nc6 3. Bb5 a6 4. Ba4 Nf6 5. Nc3 b5 6. Bb3 Be7 7. d3 d6 8. a4 b4
9. Nd5 Be6 10. O-O O-O 11. Bd2 Rb8 12. Re1 Nd7 13. Be3 Na5 14. Nxe7+ Qxe7 15.
Bxe6 Qxe6 16. d4 Nc4 17. Bc1 c5 18. b3 Ncb6 19. dxc5 Nxc5 20. Bb2 Rfd8 21. Qe2
f6 22. Qe3 Rbc8 23. a5 Na8 24. Nd2 d5 25. exd5 Qxd5 26. Nc4 Nb7 27. f4 exf4 28.
Qxf4 Nc7 29. Kh1 Qc5 30. Qg4 Nd5 31. Qe6+ Kh8 32. Qxa6 Nd6 33. Nxd6 Rxd6 34.
Qb7 Rdd8 35. Qf7 Rf8 36. Qe6 Nf4 37. Qg4 Qxc2 38. Qxf4 Qxb2 39. Qxb4 Rfe8 40.
Rxe8+ Rxe8 41. Re1 Rc8 42. Qb5 h6 43. h3 Qd2 44. Re8+ Rxe8 45. Qxe8+ Kh7 46.
Qe4+ Kh8 47. b4 Qd1+ 48. Kh2 Qd6+ 49. Kg1 Qd1+ 50. Kf2 Qd2+ 51. Kf3 Qc3+ 52.
Qe3 Qc6+ 53. Kg3 g5 54. Qc5 Qe6 55. Kh2 Kg7 56. b5 Qe4 57. Qc7+ Kg6 58. b6 1-0

[Event "SR 2. liga A 2012/2013"]
[Site "?"]
[Date "2013.02.02"]
[Round "39.2"]
[White "Oprea, Erik"]
[Black "Takacs, Laszlo"]
[Result "0-1"]
[WhiteElo "2125"]
[BlackElo "2134"]
[PlyCount "128"]
[EventDate "2012.??.??"]
[WhiteTeam "DNV A"]
[BlackTeam "D. Streda B"]

1. e4 c5 2. Nf3 e6 3. b3 Nc6 4. Bb2 d6 5. d3 Nf6 6. Nbd2 Be7 7. Be2 O-O 8. O-O
d5 9. exd5 Nxd5 10. c4 Nf4 11. Ne4 f5 12. Ng3 Bf6 13. Qd2 Bxb2 14. Qxb2 Qd6 15.
Rfe1 Rd8 16. Bf1 b6 17. Rad1 Bb7 18. Re3 Nd4 19. Ne5 Rf8 20. Nh1 Rf6 21. f3 Ng6
22. Rde1 f4 23. R3e2 Nxe2+ 24. Rxe2 Nxe5 25. Rxe5 Rg6 26. Be2 Rd8 27. Nf2 Qd4
28. Qxd4 Rxd4 29. Bd1 Kf7 30. Kf1 Ke7 31. Bc2 Kd6 32. Re1 a6 33. Nd1 Rf6 34.
Nc3 Kd7 35. Kf2 g5 36. h4 g4 37. fxg4 f3 38. g5 Rff4 39. g3 Rf7 40. Na4 Rd6 41.
Nc3 Bc6 42. Ne4 Bxe4 43. Rxe4 b5 44. Rf4 Rxf4 45. gxf4 bxc4 46. bxc4 Rb6 47.
Kxf3 Rb2 48. Bb3 Ke7 49. h5 Rh2 50. h6 Kf7 51. Ke3 e5 52. fxe5 Ke6 53. Kf4 Rh4+
54. Kg3 Rd4 55. Ba4 Kxe5 56. g6 hxg6 57. Be8 Rd8 58. Bf7 Kf6 59. Bd5 Rh8 60. a4
a5 61. Kf4 Rxh6 62. Bf3 Rh4+ 63. Bg4 Rxg4+ 64. Kxg4 Ke5 0-1

[Event "SR 2. liga A 2012/2013"]
[Site "?"]
[Date "2013.02.02"]
[Round "39.3"]
[White "Blaho, Stefan"]
[Black "Hricak, Vasil"]
[Result "0-1"]
[WhiteElo "2134"]
[BlackElo "2124"]
[PlyCount "72"]
[EventDate "2012.??.??"]
[WhiteTeam "D. Streda B"]
[BlackTeam "DNV A"]

1. d4 d6 2. c4 e5 3. d5 f5 4. Nc3 Nf6 5. Qc2 Be7 6. e3 O-O 7. Nf3 a5 8. Be2 Na6
9. b3 Nc5 10. Bb2 Nfe4 11. Nd2 Nxc3 12. Bxc3 Qe8 13. O-O-O Bd7 14. h3 b5 15. g4
bxc4 16. Bxc4 f4 17. Rh2 fxe3 18. fxe3 Bb5 19. Ba1 Bg5 20. Re2 Bxc4 21. Qxc4
Qg6 22. Qc2 Nd3+ 23. Kb1 a4 24. Bc3 axb3 25. Nxb3 e4 26. Nd4 Rfb8+ 27. Ka1 Nc5
28. Rb1 Rxb1+ 29. Kxb1 Qf7 30. Rf2 Qxd5 31. Nf5 Qb7+ 32. Kc1 Nd3+ 33. Kd1 Nxf2+
34. Qxf2 Qb1+ 35. Ke2 Rxa2+ 36. Bd2 Qd3+ 0-1

[Event "SR 2. liga A 2012/2013"]
[Site "?"]
[Date "2013.02.02"]
[Round "39.5"]
[White "Merva, Frantisek"]
[Black "Sosovicka, Matej"]
[Result "0-1"]
[WhiteElo "2006"]
[BlackElo "2001"]
[PlyCount "100"]
[EventDate "2012.??.??"]
[WhiteTeam "D. Streda B"]
[BlackTeam "DNV A"]

1. d4 d5 2. c4 c6 3. Nc3 Nf6 4. e3 e6 5. Qc2 Nbd7 6. Nf3 Bd6 7. e4 dxe4 8. Nxe4
Nxe4 9. Qxe4 Nf6 10. Qc2 O-O 11. Bd2 b6 12. c5 Bc7 13. Bd3 Qe7 14. O-O h6 15.
Rfe1 Nd5 16. Rac1 b5 17. Qd1 Bd7 18. Qe2 f5 19. Ne5 Rf6 20. Qh5 Raf8 21. a4 Be8
22. Qd1 a6 23. axb5 axb5 24. Ra1 Bb8 25. Ra6 Qb7 26. Qa1 g5 27. Ra8 Bd7 28. Qa6
Qxa6 29. Rxa6 Bc8 30. Ra8 Bb7 31. Rxb8 Rxb8 32. Nd7 Re8 33. Nxf6+ Nxf6 34. h4
Kf7 35. hxg5 hxg5 36. Bxg5 Rd8 37. Ra1 Rxd4 38. Be2 Kg6 39. Be3 Rd7 40. Bf4 Ne4
41. Be3 e5 42. g3 Bc8 43. Ra8 Rc7 44. Kg2 Be6 45. f4 Bd5 46. Bf3 exf4 47. Bxf4
Re7 48. Rh8 Kg7 49. Ra8 Nf6 50. Rc8 Re2+ 0-1

[Event "SR 2. liga A 2012/2013"]
[Site "?"]
[Date "2013.02.02"]
[Round "39.6"]
[White "Prikler, Bruno"]
[Black "Ujhelyi, Matus"]
[Result "1-0"]
[WhiteElo "2092"]
[BlackElo "1977"]
[PlyCount "83"]
[EventDate "2012.??.??"]
[WhiteTeam "DNV A"]
[BlackTeam "D. Streda B"]

1. c4 Nf6 2. Nc3 g6 3. g3 Bg7 4. Bg2 O-O 5. Nf3 d6 6. O-O Nbd7 7. d4 e5 8. e3
Re8 9. b3 c6 10. dxe5 dxe5 11. Qc2 Qc7 12. Ba3 Bf8 13. Bxf8 Kxf8 14. Ne4 Kg7
15. Nfd2 Nxe4 16. Nxe4 Nf6 17. Nxf6 Kxf6 18. f4 exf4 19. Rxf4+ Kg7 20. Raf1 Be6
21. e4 Qe5 22. Qc1 Rad8 23. Rh4 Qd4+ 24. Kh1 Qd2 25. Qa3 a6 26. Qc5 Rd7 27.
Qe5+ Kg8 28. Rff4 Qc1+ 29. Bf1 Rd2 30. Rxh7 Qxf1+ 31. Rxf1 Kxh7 32. Qf6 Red8
33. g4 R8d7 34. h3 Rxa2 35. Rf2 Rxf2 36. Qxf2 Rd3 37. Qb6 Rxh3+ 38. Kg2 Rc3 39.
Qxb7 Bxg4 40. Qxf7+ Kh6 41. Qf4+ Kh5 42. Qe5+ 1-0

[Event "SR 2. liga A 2012/2013"]
[Site "?"]
[Date "2013.02.02"]
[Round "39.7"]
[White "Feher, Tibor"]
[Black "Kassovic, Jaroslav"]
[Result "0-1"]
[WhiteElo "1805"]
[BlackElo "1962"]
[PlyCount "82"]
[EventDate "2012.??.??"]
[WhiteTeam "D. Streda B"]
[BlackTeam "DNV A"]

1. e4 c5 2. Nf3 Nc6 3. d4 cxd4 4. Nxd4 d6 5. Be3 Nf6 6. Nc3 g6 7. Be2 Bg7 8.
Qd2 Nxd4 9. Bxd4 O-O 10. O-O-O a6 11. e5 dxe5 12. Bxe5 Qxd2+ 13. Rxd2 Bh6 14.
f4 Ng4 15. Bc7 e5 16. g3 exf4 17. Bxf4 Bxf4 18. gxf4 Nf6 19. Nd5 Nxd5 20. Rxd5
Be6 21. Rd4 Rac8 22. a3 Bf5 23. c3 Rc7 24. Bd3 Bxd3 25. Rxd3 Re8 26. Rhd1 Kg7
27. Rd8 Rxd8 28. Rxd8 Kf6 29. Kd2 Re7 30. Rd3 Kf5 31. Re3 Rd7+ 32. Ke2 Kxf4 33.
Rf3+ Ke5 34. b3 f5 35. Re3+ Kf6 36. h4 Re7 37. Rxe7 Kxe7 38. Ke3 Kd6 39. Kf4 b5
40. Kf3 Kd5 41. Kf4 a5 0-1

[Event "SR 2. liga A 2012/2013"]
[Site "?"]
[Date "2013.02.02"]
[Round "39.8"]
[White "Karas, Marek"]
[Black "Kahancova, Jana"]
[Result "1-0"]
[WhiteElo "1951"]
[BlackElo "1597"]
[PlyCount "121"]
[EventDate "2012.??.??"]
[WhiteTeam "DNV A"]
[BlackTeam "D. Streda B"]

1. d4 d5 2. c4 e6 3. Nc3 Nf6 4. cxd5 exd5 5. Bg5 c6 6. e3 Be7 7. Bd3 Nbd7 8.
Nge2 O-O 9. Qc2 Re8 10. O-O Nf8 11. Rab1 Be6 12. b4 a6 13. a4 Nh5 14. Bxe7 Qxe7
15. b5 axb5 16. axb5 Reb8 17. Rfc1 Qd7 18. Na4 Qd8 19. Nc5 Bc8 20. Rb2 Nf6 21.
Rcb1 Bd7 22. bxc6 bxc6 23. Rb7 Rxb7 24. Nxb7 Qc8 25. Nc5 Ne6 26. Nb3 Ng5 27. f3
Qe8 28. Kf2 Qe7 29. Nf4 Ne6 30. Nh3 Re8 31. Re1 h6 32. Ng1 Nh5 33. g3 Ng5 34.
Kg2 Qe6 35. Nc5 Qe7 36. g4 Nf6 37. h3 Ne6 38. Nb3 Nf4+ 39. Kf2 Ne6 40. Ne2 h5
41. Qd2 Qd6 42. Kg2 Ng5 43. Ng3 Qc7 44. Nc5 Bc8 45. e4 Ne6 46. Nxe6 Bxe6 47. e5
h4 48. Ne2 Nd7 49. f4 Nf8 50. f5 Bd7 51. Qg5 Qd8 52. f6 Ne6 53. Qxh4 g6 54. Qg3
Qb6 55. Qf2 c5 56. Bxg6 cxd4 57. Qf5 Nf8 58. Qh5 fxg6 59. Qh6 Kf7 60. Qg7+ Ke6
61. Nf4# 1-0

[Event "SR 2. liga A 2012/2013"]
[Site "?"]
[Date "2013.02.02"]
[Round "40.1"]
[White "Dolnak, Michal"]
[Black "Berczes, Csaba"]
[Result "1-0"]
[WhiteElo "2115"]
[BlackElo "2388"]
[PlyCount "91"]
[EventDate "2012.??.??"]
[WhiteTeam "Krasnany"]
[BlackTeam "Gabcikovo"]

1. d4 Nf6 2. c4 e6 3. Nf3 Bb4+ 4. Nbd2 b6 5. a3 Bxd2+ 6. Qxd2 Bb7 7. e3 O-O 8.
Be2 Ne4 9. Qc2 Ng5 10. Nd2 f5 11. f3 c5 12. b4 Nf7 13. O-O Nc6 14. b5 Ne7 15.
dxc5 bxc5 16. Bb2 Nd6 17. Nb3 Rc8 18. Bc3 Ng6 19. Rad1 Ne8 20. Qd2 Rf7 21. a4
Qg5 22. a5 d5 23. a6 Ba8 24. Na5 f4 25. exf4 Nxf4 26. g3 d4 27. Bb2 Nxe2+ 28.
Qxe2 Qf6 29. Rde1 Bxf3 30. Qxe6 Qxe6 31. Rxe6 Nc7 32. Re5 Re8 33. Rxe8+ Nxe8
34. Ba3 d3 35. Nb3 Nd6 36. Nd2 Ba8 37. Rxf7 Kxf7 38. Bxc5 Ne4 39. Be3 Ke6 40.
c5 Kd5 41. b6 Nxc5 42. Bxc5 axb6 43. Bxb6 Kc6 44. Bd4 g6 45. Kf2 Kb5 46. a7 1-0

[Event "SR 2. liga A 2012/2013"]
[Site "?"]
[Date "2013.02.02"]
[Round "40.2"]
[White "Janko, Michal"]
[Black "Slacky, Stanislav"]
[Result "0-1"]
[WhiteElo "2294"]
[BlackElo "2198"]
[PlyCount "46"]
[EventDate "2012.??.??"]
[WhiteTeam "Gabcikovo"]
[BlackTeam "Krasnany"]

1. b3 d5 2. Bb2 Nf6 3. e3 g6 4. c4 c6 5. cxd5 cxd5 6. Bxf6 exf6 7. Ne2 Nc6 8.
d4 Bb4+ 9. Nec3 a6 10. a3 Ba5 11. b4 Bc7 12. Qf3 Be6 13. Nd2 O-O 14. g3 Re8 15.
Nb3 a5 16. b5 a4 17. Nxa4 Nxd4 18. Nxd4 Rxa4 19. Qd1 Rxd4 20. Qxd4 Be5 21. Qd1
Qa5+ 22. Ke2 d4 23. e4 Qc3 0-1

[Event "SR 2. liga A 2012/2013"]
[Site "?"]
[Date "2013.02.02"]
[Round "40.3"]
[White "Bronis, Marian"]
[Black "Krajnak, Martin"]
[Result "0-1"]
[WhiteElo "2165"]
[BlackElo "2225"]
[PlyCount "44"]
[EventDate "2012.??.??"]
[WhiteTeam "Krasnany"]
[BlackTeam "Gabcikovo"]

1. d4 d6 2. c4 e5 3. Nf3 Nc6 4. d5 Nce7 5. g3 Nf6 6. Nc3 Ng6 7. Bg2 Be7 8. O-O
Bd7 9. b4 a5 10. Ba3 h5 11. e4 h4 12. Qe2 hxg3 13. fxg3 axb4 14. Bxb4 c5 15.
dxc6 bxc6 16. Qb2 Rb8 17. a3 c5 18. Kh1 cxb4 19. axb4 Qc7 20. Rfc1 O-O 21. Nd5
Nxd5 22. exd5 Bf6 0-1

[Event "SR 2. liga A 2012/2013"]
[Site "?"]
[Date "2013.02.02"]
[Round "40.4"]
[White "Janko, Ladislav"]
[Black "Biro, Karol"]
[Result "1-0"]
[WhiteElo "2212"]
[BlackElo "2156"]
[PlyCount "67"]
[EventDate "2012.??.??"]
[WhiteTeam "Gabcikovo"]
[BlackTeam "Krasnany"]

1. e4 d6 2. d4 Nf6 3. Nc3 g6 4. Bg5 c6 5. Qd2 Qc7 6. O-O-O h6 7. Bf4 g5 8. Bg3
Nh5 9. Be2 Nxg3 10. hxg3 Rg8 11. Kb1 b5 12. Rc1 Nd7 13. Nd1 a6 14. Ne3 Nf6 15.
Bd3 e5 16. dxe5 dxe5 17. Nf3 Be6 18. c4 Nd7 19. Nf5 Nc5 20. Nxh6 Bxh6 21. Rxh6
Rd8 22. cxb5 Rxd3 23. Qb4 g4 24. Ne1 Rd6 25. b6 Qb8 26. Rxc5 Bxa2+ 27. Kxa2
Rxh6 28. b7 Re6 29. Nd3 Kd7 30. Ra5 Qd6 31. Nc5+ Ke7 32. Qb6 Rf6 33. Nxa6 Qd4
34. Qc7+ 1-0

[Event "SR 2. liga A 2012/2013"]
[Site "?"]
[Date "2013.02.02"]
[Round "40.5"]
[White "Petreje, Juraj"]
[Black "Dvorsky, Jozef"]
[Result "1/2-1/2"]
[WhiteElo "2150"]
[BlackElo "2020"]
[PlyCount "36"]
[EventDate "2012.??.??"]
[WhiteTeam "Krasnany"]
[BlackTeam "Gabcikovo"]

1. Nf3 f5 2. g3 Nf6 3. Bg2 e6 4. O-O d5 5. b3 Bd6 6. d3 e5 7. Nbd2 O-O 8. Bb2
Qe7 9. e4 fxe4 10. dxe4 d4 11. Ne1 c5 12. a4 Nc6 13. Nc4 Bc7 14. Nd3 Be6 15.
Nd2 a6 16. Ba3 Bd6 17. Nc4 Bxc4 18. bxc4 Na5 1/2-1/2

[Event "SR 2. liga A 2012/2013"]
[Site "?"]
[Date "2013.02.02"]
[Round "40.6"]
[White "Kosar, Mikulas"]
[Black "Kebis, Milos"]
[Result "0-1"]
[WhiteElo "1968"]
[BlackElo "2002"]
[PlyCount "106"]
[EventDate "2012.??.??"]
[WhiteTeam "Gabcikovo"]
[BlackTeam "Krasnany"]

1. e4 e5 2. Nf3 Nc6 3. d4 exd4 4. Bc4 Nf6 5. e5 Ne4 6. O-O Be7 7. Bd5 Nc5 8.
Nxd4 Nxd4 9. Qxd4 O-O 10. Nc3 d6 11. Rd1 Bf5 12. b4 Ne6 13. Bxe6 Bxe6 14. Bb2
c5 15. bxc5 dxc5 16. Qe4 Qb6 17. Rab1 Rfd8 18. Nd5 Bxd5 19. Rxd5 Rxd5 20. Qxd5
Rd8 21. Qf3 Rd2 22. Qc3 Qd8 23. g3 Bf8 24. Qb3 Qd7 25. Bc3 Rd1+ 26. Rxd1 Qxd1+
27. Kg2 Qd7 28. a4 b6 29. f3 Qd1 30. g4 Qe2+ 31. Kg3 h6 32. Bb2 c4 33. Qc3 Bc5
34. Kf4 Qxh2+ 35. Ke4 Qe2+ 36. Kd5 a5 37. Kc6 Bb4 38. Qd4 Bc5 39. Qc3 Kh7 40.
Kb5 Bb4 41. Qxc4 Qxf3 42. Qd3+ Qxd3+ 43. cxd3 Kg6 44. d4 Kg5 45. d5 Kxg4 46. d6
Kf5 47. Kc6 Ke6 48. Kc7 h5 49. Bd4 f6 50. exf6 Bxd6+ 51. Kxb6 gxf6 52. Bf2 Bb4
53. Kb5 Kd5 0-1

[Event "SR 2. liga A 2012/2013"]
[Site "?"]
[Date "2013.02.02"]
[Round "40.7"]
[White "Povysil, Peter"]
[Black "Puobis, Jozef"]
[Result "1-0"]
[WhiteElo "1993"]
[BlackElo "1910"]
[PlyCount "73"]
[EventDate "2012.??.??"]
[WhiteTeam "Krasnany"]
[BlackTeam "Gabcikovo"]

1. d4 d5 2. c4 Nc6 3. Nf3 Bg4 4. cxd5 Bxf3 5. gxf3 Qxd5 6. e3 e5 7. Nc3 Bb4 8.
Bd2 Qd6 9. d5 Nce7 10. e4 a6 11. Qa4+ c6 12. O-O-O Nf6 13. f4 Ng4 14. Rg1 Nxf2
15. Re1 Bxc3 16. Bxc3 O-O 17. fxe5 Qh6+ 18. Bd2 Qh4 19. Bg5 Qxh2 20. Rg2 Qxe5
21. Bxe7 Qxe7 22. Qd4 f6 23. Qxf2 cxd5 24. exd5 Rac8+ 25. Kb1 Qd7 26. Bd3 Rc7
27. Bf5 Qd6 28. Qh4 g6 29. Reg1 g5 30. Qh6 Qd8 31. Rh2 Rg7 32. Bxh7+ Kf7 33.
Qh5+ Ke7 34. Re2+ Kd7 35. Bf5+ Kc7 36. Qh2+ Kb6 37. Qf2+ 1-0

[Event "SR 2. liga A 2012/2013"]
[Site "?"]
[Date "2013.02.02"]
[Round "40.8"]
[White "Kosar, Mikulas st"]
[Black "Kohlman, Robert"]
[Result "1/2-1/2"]
[WhiteElo "1738"]
[BlackElo "2184"]
[PlyCount "47"]
[EventDate "2012.??.??"]
[WhiteTeam "Gabcikovo"]
[BlackTeam "Krasnany"]

1. e4 c5 2. Nf3 Nc6 3. d4 cxd4 4. Nxd4 g6 5. Nf3 Bg7 6. c3 Nf6 7. Bd3 O-O 8.
O-O d6 9. Re1 Qc7 10. h3 a6 11. Bf4 Nd7 12. Qc2 b5 13. a3 Bb7 14. Nbd2 Rfc8 15.
Rac1 Nc5 16. Be2 Ne6 17. Be3 Ncd4 18. Nxd4 Nxd4 19. Bxd4 Bxd4 20. Nf3 Bf6 21.
Bd3 Qc5 22. Qd2 Qh5 23. Red1 Bg7 24. Qe2 1/2-1/2